Dôchodkové sporenie ako forma zabezpečenia starobného dôchodku diplomová práca

Gespeichert in:
Bibliographische Detailangaben
1. Verfasser: Onderová, Ingrid
Körperschaft: Podnikovohospodárska fakulta EU so sídlom v Košiciach. Katedra ekonómie
Weitere Verfasser: Vargová, Zuzana
Format: Buch
Sprache:Slowakisch
Veröffentlicht: Košice 2010
Tags: Tag hinzufügen
Keine Tags, Fügen Sie das erste Tag hinzu!

MARC

LEADER 00000nam$a2200000$$$4500
001 0123526
005 20240827092038.3
041 0 |a slo 
044 |a SK 
245 1 0 |a Dôchodkové sporenie ako forma zabezpečenia starobného dôchodku  |b diplomová práca  |c Ingrid Onderová ; škol. Zuzana Vargová 
264 1 |a Košice  |c 2010 
300 |a 92 s. 
100 1 |a Onderová, Ingrid 
700 1 |a Vargová, Zuzana 
710 2 |a Podnikovohospodárska fakulta EU so sídlom v Košiciach. Katedra ekonómie